Statistics for "World" to Languages

Click here to take the quiz!

General Stats

  • This quiz has been taken 66 times
  • The average score is 10 of 16

Answer Stats

World in......this language% Correct
MundoSpanish, portuguese, tagalog
98%
MondeFrench
94%
MondoEsperanto, italian
93%
WeltGerman
91%
MundusLatin
80%
WereldDutch
78%
VärldSwedish
76%
VerdenDanish, norwegian
70%
SwiatPolish
56%
MaailmaFinnish
52%
SvetCzech, slovak, serbia
48%
DünyaTurkish, azer
44%
VilágHungarian
39%
SvijetBosnian, croatian
33%
DunyaHausa
6%
DinyaKurdish
6%

Score Distribution

Percentile by Number Answered

Percent of People with Each Score

Your Score History

You have not taken this quiz